<?xml version="1.0" encoding="UTF-8"?>
<record
    xmlns:xsi="http://www.w3.org/2001/XMLSchema-instance"
    xsi:schemaLocation="http://www.loc.gov/MARC21/slim http://www.loc.gov/standards/marcxml/schema/MARC21slim.xsd"
    xmlns="http://www.loc.gov/MARC21/slim">

  <leader>02175njm a2200349Ia 4500</leader>
  <controlfield tag="001">27094</controlfield>
  <controlfield tag="003">IT-RoPAU</controlfield>
  <controlfield tag="005">20220918181110.0</controlfield>
  <controlfield tag="008">131025s9999    xx            000 0 und d</controlfield>
  <datafield tag="040" ind1=" " ind2=" ">
    <subfield code="a">IT-RoPAU</subfield>
  </datafield>
  <datafield tag="040" ind1=" " ind2=" ">
    <subfield code="c">IT-RoPAU</subfield>
  </datafield>
  <datafield tag="999" ind1=" " ind2=" ">
    <subfield code="c">98883</subfield>
    <subfield code="d">98883</subfield>
  </datafield>
  <datafield tag="999" ind1=" " ind2=" ">
    <subfield code="b">n.d.</subfield>
  </datafield>
  <datafield tag="100" ind1=" " ind2=" ">
    <subfield code="a">Pourcel Franck</subfield>
    <subfield code="9">17222</subfield>
  </datafield>
  <datafield tag="100" ind1=" " ind2=" ">
    <subfield code="e">Autore musica</subfield>
    <subfield code="9">17223</subfield>
  </datafield>
  <datafield tag="100" ind1=" " ind2=" ">
    <subfield code="g">Codice autore musica SPICS: 11079</subfield>
    <subfield code="9">17224</subfield>
  </datafield>
  <datafield tag="245" ind1=" " ind2=" ">
    <subfield code="a">Operas in digital</subfield>
  </datafield>
  <datafield tag="250" ind1=" " ind2=" ">
    <subfield code="a">1a ed.</subfield>
  </datafield>
  <datafield tag="260" ind1=" " ind2=" ">
    <subfield code="a">ITALIA</subfield>
  </datafield>
  <datafield tag="260" ind1=" " ind2=" ">
    <subfield code="b">RICORDI</subfield>
    <subfield code="c">1984 [1a Ed.:1984 - Ed. Lingua Orig.: 1984]</subfield>
  </datafield>
  <datafield tag="300" ind1=" " ind2=" ">
    <subfield code="a">DISCO</subfield>
  </datafield>
  <datafield tag="300" ind1=" " ind2=" ">
    <subfield code="c">42 minuti (Testo:  pag.)</subfield>
  </datafield>
  <datafield tag="500" ind1=" " ind2=" ">
    <subfield code="a">Musica classica. Arrangiamento</subfield>
  </datafield>
  <datafield tag="505" ind1=" " ind2=" ">
    <subfield code="a">Carmen: chanson Boheme (3:00) - Carmen: air du toreador (4:00) - Madame Butterfly: aria a bocca chiusa (3:00) - Madame Butterfly: sur la mer calmee (4:00) - La traviata: sempre libera (2:00) - La traviata: prelude acte 1 (4:00) - Manon Lescaut: in quelle trine morbide (3:00) - Turandot: nessun dorma! (4:00) - Aida: marche triomphale [(trompettes) (3:00)] - Werther: clair de lune (4:00) - Nabucco: va pensiero [(Choeur des esclaves) (4:00)] - La Boheme: o soave fanciulla (3:00) - La Tosca: vissi d'arte (4:00)</subfield>
  </datafield>
  <datafield tag="650" ind1=" " ind2=" ">
    <subfield code="a">ARRANGIAMENTO [DISCHI]</subfield>
    <subfield code="e">Codice MATERIA SPICS: 9950</subfield>
    <subfield code="9">17225</subfield>
  </datafield>
  <datafield tag="700" ind1=" " ind2=" ">
    <subfield code="a">AA.VV.</subfield>
    <subfield code="e">Autore</subfield>
    <subfield code="g">Codice autore SPICS: 12000</subfield>
    <subfield code="9">799</subfield>
  </datafield>
  <datafield tag="700" ind1=" " ind2=" ">
    <subfield code="a">Pourcel Franck</subfield>
    <subfield code="g">Codice interprete SPICS: 11079</subfield>
    <subfield code="e">Interprete</subfield>
    <subfield code="9">17226</subfield>
  </datafield>
  <datafield tag="700" ind1=" " ind2=" ">
    <subfield code="a">Bizet Georges</subfield>
    <subfield code="g">Codice autore musica SPICS: 10724</subfield>
    <subfield code="e">Autore musica</subfield>
    <subfield code="p">Carmen: chanson Boheme - Carmen: air du toreador</subfield>
    <subfield code="9">17227</subfield>
  </datafield>
  <datafield tag="700" ind1=" " ind2=" ">
    <subfield code="a">Puccini Giacomo</subfield>
    <subfield code="g">Codice autore musica SPICS: 11082</subfield>
    <subfield code="e">Autore musica</subfield>
    <subfield code="p">Madame Butterfly: aria a bocca chiusa - Madame Butterfly: sur la mer calmee - Manon Lescaut: in quelle trine morbide - Turandot: nessun dorma! - La Boheme: o soave fanciulla - La Tosca: vissi d'arte</subfield>
    <subfield code="9">17228</subfield>
  </datafield>
  <datafield tag="700" ind1=" " ind2=" ">
    <subfield code="a">Verdi Giuseppe</subfield>
    <subfield code="g">Codice autore musica SPICS: 89</subfield>
    <subfield code="e">Autore musica</subfield>
    <subfield code="p">La traviata: sempre libera - La traviata: prelude acte 1 - Aida: marche triomphale (trompettes) - Nabucco: va pensiero (Choeur des esclaves)</subfield>
    <subfield code="9">17229</subfield>
  </datafield>
  <datafield tag="700" ind1=" " ind2=" ">
    <subfield code="a">Massenet Jules</subfield>
    <subfield code="g">Codice autore musica SPICS: 4044</subfield>
    <subfield code="e">Autore musica</subfield>
    <subfield code="p">Werther: clair de lune</subfield>
    <subfield code="9">17230</subfield>
  </datafield>
  <datafield tag="942" ind1=" " ind2=" ">
    <subfield code="c">MD</subfield>
    <subfield code="2">ddc</subfield>
  </datafield>
  <datafield tag="952" ind1=" " ind2=" ">
    <subfield code="0">0</subfield>
    <subfield code="1">0</subfield>
    <subfield code="4">0</subfield>
    <subfield code="6">27094_000000000000000</subfield>
    <subfield code="7">1</subfield>
    <subfield code="a">SPICS</subfield>
    <subfield code="b">SPICS</subfield>
    <subfield code="d">2013-10-25</subfield>
    <subfield code="l">0</subfield>
    <subfield code="o">27094</subfield>
    <subfield code="r">2013-10-25 00:00:00</subfield>
    <subfield code="w">2013-10-25</subfield>
    <subfield code="y">MD</subfield>
    <subfield code="z">Progr. Ins.: 6651 / N.Vol.: 1 / Copie: 1 - Copia rara: n.d. / date import: 01.01.2014 - By Epidotti, Trombetti, Vaglietti</subfield>
  </datafield>
</record>
